Pokémon que empiezan por la letra J - Estadísticas

Estadísticas generales
  • Esta prueba ha sido intentada 20 veces
  • La puntuación promedio es 7 de 8
Estadísticas de respuestas
Gen. Tipo Nombre % Correcto
I Normal/Hada Jigglypuff
93%
I Eléctrico Jolteon
93%
V Agua/Fantasma Jellicent
86%
I Hielo/Psíquico Jynx
86%
III Acero/Psíquico Jirachi
79%
V Eléctrico/Bicho Joltik
79%
VII Dragon Jangmo-o
71%
II Planta/Volador Jumpluff
64%
No se encontraron pruebas coincidentes
Distribución de puntuación
Porcentaje de gente con cada puntuación
Porcentaje por número respondido
Historial de tus puntuaciones
No has intentado esta prueba.